[Event "C.to Italiano Semifinale"]
[Site "Montecatini Terme ITA"]
[Date "1998.06.??"]
[Round "7"]
[White "Martorelli, Antonio"]
[Black "Scavo, Fernando"]
[Result "1-0"]
[WhiteElo "2405"]
[BlackElo "2255"]
[PlyCount "79"]
[EventDate "1998.06.21"]

1. e4 e6 2. d4 d5 3. Nd2 c5 4. exd5 exd5 5. Ngf3 Nc6 6. Bb5 Bd6 7. O-O Nge7 8.
dxc5 Bxc5 9. Nb3 Bb6 10. Nfd4 O-O 11. Bg5 Qd6 12. Re1 Ng6 13. Bf1 a6 14. c3 Bc7
15. g3 Nce5 16. Bg2 Nc4 17. Bc1 Bd7 18. Nc2 Bc6 19. Ne3 Rad8 20. Nd4 Nce5 21.
h4 Ne7 22. Nec2 Bd7 23. Rxe5 Qxe5 24. Bf4 Qf6 25. Bxc7 Rc8 26. Bf4 h6 27. Nb4
Be6 28. h5 Rfd8 29. Qe2 Nf5 30. Nxf5 Qxf5 31. Nc2 Qf6 32. Nd4 Bf5 33. Be5 Qg5
34. Nxf5 Qxf5 35. Bd4 b5 36. Qf3 Qg5 37. Re1 Qd2 38. Re7 Qc1+ 39. Kh2 Qg5 40.
Qxf7+ 1-0

[Event "C.to Italiano Semifinale"]
[Site "Montecatini Terme ITA"]
[Date "1998.06.??"]
[Round "7"]
[White "Mauro, Alan"]
[Black "Contin, Daniel"]
[Result "1/2-1/2"]
[WhiteElo "2260"]
[BlackElo "2300"]
[PlyCount "68"]
[EventDate "1998.06.21"]

1. e4 e6 2. d4 d5 3. Nc3 Bb4 4. Bd3 dxe4 5. Bxe4 Nf6 6. Bf3 O-O 7. Nge2 c5 8.
a3 Bxc3+ 9. bxc3 Nc6 10. O-O h6 11. Be3 Nd5 12. c4 Nxe3 13. fxe3 Qg5 14. Qd3
Rd8 15. Bxc6 bxc6 16. Rf3 e5 17. Raf1 Be6 18. Rg3 Qh5 19. Nc3 cxd4 20. Ne4 Kh8
21. c5 dxe3 22. Nd6 e2 23. Re1 Rab8 24. h3 Rd7 25. Rxe2 Rb5 26. Rd2 e4 27. Qxe4
Qxc5+ 28. Qd4 Rb1+ 29. Kh2 Qxd4 30. Rxd4 c5 31. Rd2 Bf5 32. Rc3 Rb5 33. Rf2
Rxd6 34. Rxf5 Kg8 1/2-1/2

[Event "C.to Italiano Semifinale"]
[Site "Montecatini Terme ITA"]
[Date "1998.06.??"]
[Round "7"]
[White "Piscopo, Pierluigi"]
[Black "Nironi, Andrea"]
[Result "0-1"]
[WhiteElo "1798"]
[BlackElo "1681"]
[PlyCount "90"]
[EventDate "1998.06.21"]

1. Nf3 Nf6 2. d4 d5 3. c4 dxc4 4. e3 e6 5. Bxc4 a6 6. a4 c5 7. O-O Nc6 8. b3
cxd4 9. exd4 Be7 10. Bb2 Nb4 11. Ne5 O-O 12. Nc3 b6 13. Qf3 Qc7 14. Rac1 Bb7
15. Qg3 Qd6 16. Rcd1 Nbd5 17. Rfe1 Rac8 18. Ne4 Nxe4 19. Rxe4 Nf6 20. Ree1 a5
21. Nxf7 Qxg3 22. hxg3 Rxc4 23. bxc4 Kxf7 24. Bc3 Be4 25. Rd2 Rc8 26. c5 Bd5
27. Rc2 Ne4 28. Rec1 Nxc3 29. Rxc3 bxc5 30. dxc5 Bf6 31. Rd3 Ke7 32. c6 Rxc6
33. Rxc6 Bxc6 34. Rb3 Kd6 35. Kh2 Kc5 36. g4 Bxa4 37. Re3 Bd7 38. Rd3 Bc6 39.
Re3 Bd5 40. f4 a4 41. g5 Bb2 42. g4 a3 43. f5 exf5 44. gxf5 a2 45. Re1 Be4 0-1

[Event "C.to Italiano Semifinale"]
[Site "Montecatini Terme ITA"]
[Date "1998.06.??"]
[Round "7"]
[White "Sansonetti, Giorgio"]
[Black "Parrella, Alfredo"]
[Result "0-1"]
[WhiteElo "2195"]
[BlackElo "2185"]
[PlyCount "116"]
[EventDate "1998.06.21"]

1. f4 g6 2. Nf3 Bg7 3. e4 c5 4. Bc4 e6 5. Nc3 a6 6. a4 Nc6 7. e5 d5 8. exd6
Qxd6 9. Ne4 Qe7 10. O-O Nf6 11. d3 Na5 12. Ba2 b6 13. Neg5 h6 14. Nxf7 Qxf7 15.
Ne5 Qc7 16. Nxg6 Bd7 17. f5 e5 18. Nxh8 Bxh8 19. Bxh6 O-O-O 20. Bg5 Bc6 21.
Be6+ Kb8 22. Qe2 Rd4 23. h3 Ka7 24. c3 Rd8 25. b4 Nb7 26. bxc5 bxc5 27. a5 Re8
28. Rfb1 Nd5 29. Qb2 e4 30. Bxd5 Bxd5 31. Qb6+ Kb8 32. Qxc7+ Kxc7 33. dxe4 Bxe4
34. Bf4+ Kc8 35. Rb6 Bxc3 36. Rc1 Bd4+ 37. Kh2 Bxf5 38. Rxa6 Re2 39. Ra8+ Kd7
40. a6 Nd8 41. Rd1 Be4 42. Ra7+ Ke6 43. Rd2 Rxd2 44. Bxd2 c4 45. Bg5 Bxa7 46.
Bxd8 c3 47. Bg5 Bf2 48. g4 Be1 49. Bc1 Bd2 50. Ba3 c2 51. Kg3 c1=Q 52. Bxc1
Bxc1 53. h4 Kf6 54. Kf2 Bd3 55. a7 Be4 56. Ke2 Ke5 57. g5 Kf5 58. Kf2 Ba3 0-1

[Event "C.to Italiano Semifinale"]
[Site "Montecatini Terme ITA"]
[Date "1998.06.??"]
[Round "7"]
[White "Wild, Alexander"]
[Black "Minerva, Enzo"]
[Result "0-1"]
[WhiteElo "1714"]
[BlackElo "2155"]
[PlyCount "102"]
[EventDate "1998.06.21"]

1. e4 e5 2. Nf3 f5 3. Nxe5 Qf6 4. Nc4 fxe4 5. Nc3 c6 6. Ne3 d5 7. d3 Bc5 8.
dxe4 Nh6 9. exd5 O-O 10. Ne4 Qh4 11. Ng3 Ng4 12. Nxg4 Bxg4 13. f3 Re8+ 14. Be2
Bd7 15. Qd3 Na6 16. Kd1 Rad8 17. Bd2 b5 18. Ne4 Bf5 19. Bg5 Qxg5 20. Nxg5 Bxd3
21. Bxd3 Rxd5 22. Ne4 Bb6 23. Re1 Kh8 24. Ke2 Nb4 25. Red1 Bc7 26. g3 Rh5 27.
Rh1 a6 28. a3 Nxd3 29. cxd3 Be5 30. Rab1 Bd4 31. h4 Rd5 32. b4 c5 33. Rhc1 Kg8
34. Rc2 cxb4 35. axb4 Rdd8 36. Rc7 Be5 37. Ra7 Ra8 38. Rxa8 Rxa8 39. f4 Bd4 40.
Rb3 Kf8 41. Nd6 g6 42. Ra3 Ra7 43. Kf3 Re7 44. Ne4 Re6 45. g4 Ke7 46. g5 Rc6
47. Ra2 Rc1 48. Rxa6 Rf1+ 49. Ke2 Rxf4 50. Rd6 Rxe4+ 51. dxe4 Kxd6 0-1

[Event "C.to Italiano Semifinale"]
[Site "Montecatini Terme ITA"]
[Date "1998.06.??"]
[Round "8"]
[White "Aldrovandi, Costantino"]
[Black "Iotti, Pierluigi"]
[Result "1-0"]
[WhiteElo "2235"]
[BlackElo "2325"]
[PlyCount "93"]
[EventDate "1998.06.21"]

1. c4 b6 2. e4 c5 3. Nf3 d6 4. d4 cxd4 5. Nxd4 Nf6 6. Nc3 Bb7 7. f3 a6 8. Be3
e6 9. Be2 Nbd7 10. O-O Be7 11. Qd2 Qc7 12. Rac1 Rd8 13. Rfd1 O-O 14. Qe1 Rfe8
15. Qf2 Bf8 16. Bf1 g6 17. b4 Qb8 18. a3 Rc8 19. Nb3 Bc6 20. Kh1 Be7 21. Rd2
Red8 22. Nd4 Ba8 23. Nb3 Bc6 24. Rcd1 Qc7 25. Rc1 Qb8 26. Rb1 Re8 27. Qg1 Qc7
28. Rc1 Qb8 29. Rcd1 Rcd8 30. Bf4 Ne5 31. Be3 Ned7 32. Rb1 Qc7 33. Rc2 Rb8 34.
Qf2 Red8 35. Nd5 Bxd5 36. cxd5 Qb7 37. dxe6 fxe6 38. Nd4 Rdc8 39. Nxe6 d5 40.
exd5 Nxd5 41. Bd4 b5 42. Rbc1 Rxc2 43. Qxc2 a5 44. bxa5 Bxa3 45. Ra1 Bd6 46. a6
Nb4 47. Qb3 1-0

[Event "C.to Italiano Semifinale"]
[Site "Montecatini Terme ITA"]
[Date "1998.06.??"]
[Round "8"]
[White "Astengo, Marcello"]
[Black "Genocchio, Daniele"]
[Result "0-1"]
[WhiteElo "2075"]
[BlackElo "2155"]
[PlyCount "35"]
[EventDate "1998.06.21"]

1. d4 f5 2. e4 fxe4 3. Nc3 Nf6 4. Bg5 Nc6 5. d5 Ne5 6. Qd4 Nf7 7. h4 c6 8.
O-O-O Qb6 9. Qa4 d6 10. dxc6 bxc6 11. Bxf6 gxf6 12. Nd5 Qb7 13. Ba6 Qd7 14. Be2
Bb7 15. Bg4 Qxg4 16. Nc7+ Kd8 17. Nxa8 Bh6+ 18. Kb1 0-1

[Event "C.to Italiano Semifinale"]
[Site "Montecatini Terme ITA"]
[Date "1998.06.??"]
[Round "8"]
[White "Contin, Daniel"]
[Black "Castaldo, Folco"]
[Result "1-0"]
[WhiteElo "2300"]
[BlackElo "2155"]
[PlyCount "93"]
[EventDate "1998.06.21"]

1. c4 c5 2. Nc3 Nc6 3. g3 g6 4. Bg2 Bg7 5. Nh3 Nf6 6. Nf4 O-O 7. O-O Ne8 8. d3
Nc7 9. Qd2 a6 10. b3 b6 11. Bb2 Bb7 12. e3 Rb8 13. Na4 Ne6 14. Nd5 Ba8 15. Bxg7
Nxg7 16. Qb2 Ne6 17. f4 b5 18. Nac3 f5 19. h3 Ng7 20. Ne2 e6 21. Ndc3 Qf6 22.
Qd2 d6 23. Rad1 Rfd8 24. g4 h6 25. Qe1 Kh7 26. Qg3 Qf7 27. Bf3 Nb4 28. Bxa8
Rxa8 29. a3 Nc2 30. Nb1 Na1 31. Nd2 Nc2 32. Rc1 Nxa3 33. e4 b4 34. Nf3 a5 35.
Qh4 Kg8 36. Qxh6 Ne8 37. Ng5 Qg7 38. Qh4 Nc7 39. gxf5 exf5 40. exf5 Rd7 41.
fxg6 Qxg6 42. f5 Qf6 43. Ng3 Rg7 44. N3e4 Qd4+ 45. Kh1 Rf8 46. f6 Qxd3 47. Rf3
1-0

[Event "C.to Italiano Semifinale"]
[Site "Montecatini Terme ITA"]
[Date "1998.06.??"]
[Round "8"]
[White "Corvi, Marco"]
[Black "Martorelli, Antonio"]
[Result "1/2-1/2"]
[WhiteElo "2320"]
[BlackElo "2405"]
[PlyCount "92"]
[EventDate "1998.06.21"]

1. c4 e6 2. Nc3 d5 3. d4 c6 4. cxd5 exd5 5. Nf3 Nf6 6. Bg5 Be7 7. Qc2 Na6 8. a3
Nc7 9. e3 Ne6 10. Bh4 g6 11. h3 Ng7 12. g4 h5 13. Bxf6 Bxf6 14. Rg1 hxg4 15.
hxg4 Ne6 16. O-O-O Bd7 17. Kb1 Qc7 18. Rc1 O-O-O 19. Qa4 Kb8 20. g5 Be7 21.
Nxd5 Qd6 22. Nxe7 Qxe7 23. Qa5 Nc7 24. Ne5 Bf5+ 25. Ka1 Rd5 26. Qa4 Ne6 27. Bg2
Rxe5 28. dxe5 Nxg5 29. Qb4 Qxb4 30. axb4 Bc8 31. f4 Ne6 32. Rh1 Rf8 33. Be4 Nc7
34. Rh7 Be6 35. Rch1 Na6 36. Rh8 Rxh8 37. Rxh8+ Kc7 38. b5 cxb5 39. Rf8 Nc5 40.
Bc2 b4 41. b3 Nxb3+ 42. Bxb3 Bxb3 43. e4 Kd7 44. Rb8 Kc7 45. Rf8 Kd7 46. Rb8
Kc7 1/2-1/2

[Event "C.to Italiano Semifinale"]
[Site "Montecatini Terme ITA"]
[Date "1998.06.??"]
[Round "8"]
[White "Isonzo, David"]
[Black "Del Monaco, Andrea"]
[Result "1-0"]
[WhiteElo "2235"]
[BlackElo "1793"]
[PlyCount "69"]
[EventDate "1998.06.21"]

1. e4 c5 2. Nf3 Nc6 3. d4 cxd4 4. Nxd4 Nf6 5. Nc3 e5 6. Ndb5 d6 7. Bg5 a6 8.
Na3 b5 9. Bxf6 gxf6 10. Nd5 f5 11. Bxb5 axb5 12. Nxb5 Qa5+ 13. c3 Qa4 14. Nbc7+
Kd8 15. Nxa8 Qxa8 16. Qh5 Be6 17. O-O f4 18. Rfd1 Ne7 19. Qh4 Qc6 20. a4 Bxd5
21. exd5 Qd7 22. a5 Kc8 23. a6 Kb8 24. a7+ Ka8 25. Qf6 Ng6 26. b4 Rg8 27. Ra6
f3 28. Rda1 Nf4 29. g3 Nh3+ 30. Kh1 Nxf2+ 31. Kg1 Nh3+ 32. Kh1 Rxg3 33. hxg3
Ng5 34. g4 f2 35. Rb6 1-0

[Event "C.to Italiano Semifinale"]
[Site "Montecatini Terme ITA"]
[Date "1998.06.??"]
[Round "8"]
[White "Mariano, Elia"]
[Black "Fabiano, Giuseppe"]
[Result "1/2-1/2"]
[WhiteElo "2205"]
[BlackElo "2230"]
[PlyCount "20"]
[EventDate "1998.06.21"]

1. d4 Nf6 2. Nf3 e6 3. Bf4 c5 4. e3 b6 5. Nbd2 Bb7 6. c3 Be7 7. Bd3 O-O 8. O-O
cxd4 9. exd4 d6 10. Qe2 Nbd7 1/2-1/2

[Event "C.to Italiano Semifinale"]
[Site "Montecatini Terme ITA"]
[Date "1998.06.??"]
[Round "8"]
[White "Minerva, Enzo"]
[Black "Tribuiani, Renato"]
[Result "1-0"]
[WhiteElo "2155"]
[BlackElo "2115"]
[PlyCount "121"]
[EventDate "1998.06.21"]

1. e4 c5 2. Nf3 e6 3. d3 d5 4. Nbd2 Nc6 5. g3 Nf6 6. Bg2 dxe4 7. dxe4 e5 8. O-O
Be7 9. Nc4 Qc7 10. Ne3 O-O 11. Nd5 Nxd5 12. exd5 Nd4 13. c4 Bg4 14. Re1 Bf6 15.
h3 Bxf3 16. Bxf3 Qd7 17. Bg2 b5 18. b4 Qd6 19. bxc5 Qxc5 20. cxb5 Nc2 21. Be3
Qc3 22. d6 Rab8 23. Bc6 Nxe1 24. Qxe1 Qa3 25. Qd2 Bd8 26. Qd5 a6 27. bxa6 Qxa6
28. a4 Bf6 29. Bb5 Qa8 30. Qxa8 Rxa8 31. d7 Rfb8 32. Rc1 Kf8 33. Bc6 Ra5 34.
Bd2 Ra7 35. Bb5 Rd8 36. Kg2 Rdxd7 37. Bb4+ Ke8 38. Rc8+ Bd8 39. Bc5 Rac7 40.
Bxd7+ Kxd7 41. Rxd8+ Kxd8 42. Bb6 Kd7 43. Bxc7 Kxc7 44. Kf3 f5 45. g4 g6 46.
gxf5 gxf5 47. Kg3 Kb6 48. Kh4 h6 49. Kh5 e4 50. Kh4 f4 51. Kg4 e3 52. fxe3 fxe3
53. Kf3 Ka5 54. Kxe3 Kxa4 55. Kf4 Kb5 56. Kg4 Kc6 57. Kh5 Kd6 58. Kxh6 Ke7 59.
Kg7 Ke6 60. h4 Ke7 61. h5 1-0

[Event "C.to Italiano Semifinale"]
[Site "Montecatini Terme ITA"]
[Date "1998.06.??"]
[Round "8"]
[White "Parrella, Alfredo"]
[Black "Marzano, Carlo"]
[Result "1/2-1/2"]
[WhiteElo "2185"]
[BlackElo "2185"]
[PlyCount "140"]
[EventDate "1998.06.21"]

1. Nf3 d5 2. d4 c6 3. c4 Nf6 4. e3 Bg4 5. Qb3 Qb6 6. Nc3 e6 7. Be2 Nbd7 8. Qxb6
axb6 9. cxd5 exd5 10. Nh4 Bxe2 11. Nxe2 b5 12. f3 Nb6 13. Kd1 g6 14. g3 Bh6 15.
Ng2 O-O 16. b3 Ra6 17. Kc2 Rfa8 18. Kb1 Bf8 19. Rd1 Nc8 20. Bb2 h5 21. Nc3 Nb6
22. Ne1 Re8 23. Nc2 Nc8 24. Rd3 Nd6 25. a4 bxa4 26. Rxa4 Rxa4 27. Nxa4 Nf5 28.
Bc1 Bh6 29. Nc3 g5 30. Rd1 g4 31. f4 Bf8 32. Kb2 Bd6 33. Bd2 Ra8 34. Re1 Re8
35. Ra1 h4 36. Rg1 hxg3 37. hxg3 Kg7 38. Rg2 Rh8 39. Be1 Rh3 40. Bf2 Nh5 41.
Ne2 Rh1 42. Bg1 Kg6 43. Ka2 Nf6 44. Nc3 Bc7 45. Kb2 Ba5 46. b4 Bc7 47. b5 Nd6
48. bxc6 bxc6 49. Nb4 Nc4+ 50. Kc2 Na5 51. Nd3 Nc4 52. Ne5+ Nxe5 53. dxe5 Ne4
54. Nxe4 dxe4 55. Kc3 Kf5 56. Kb3 f6 57. exf6 Kxf6 58. Kc4 Bb6 59. Rb2 Ba7 60.
Rb7 Rxg1 61. Rxa7 Rxg3 62. Kd4 Rf3 63. Kxe4 Rf1 64. Ra6 Rc1 65. Ra8 Kf7 66.
Ra7+ Kf6 67. Ra8 Kg7 68. Ra2 Kg6 69. Rg2 Kh5 70. Rh2+ Kg6 1/2-1/2

[Event "C.to Italiano Semifinale"]
[Site "Montecatini Terme ITA"]
[Date "1998.06.??"]
[Round "8"]
[White "Scavo, Fernando"]
[Black "Nironi, Andrea"]
[Result "0-1"]
[WhiteElo "2255"]
[BlackElo "1681"]
[PlyCount "64"]
[EventDate "1998.06.21"]

1. e4 e5 2. Nf3 Nc6 3. Bc4 Bc5 4. b4 Bxb4 5. c3 Ba5 6. d4 exd4 7. O-O d6 8. Qb3
Qf6 9. cxd4 Bb6 10. e5 dxe5 11. dxe5 Qg6 12. Ng5 Nh6 13. e6 fxe6 14. Nxe6 Bxe6
15. Bxe6 Nd4 16. Qa4+ c6 17. Bh3 O-O 18. Nc3 Ng4 19. Bxg4 Qxg4 20. Kh1 Qh5 21.
Qc4+ Kh8 22. f4 Rae8 23. Bd2 Nf5 24. Rf3 Rd8 25. Rh3 Qg6 26. Qe2 Rfe8 27. Qd1
Ne3 28. Qe2 Nc2 29. f5 Rxe2 30. fxg6 Nxa1 31. Rxh7+ Kg8 32. Nxe2 Rxd2 0-1

[Event "C.to Italiano Semifinale"]
[Site "Montecatini Terme ITA"]
[Date "1998.06.??"]
[Round "8"]
[White "Tonon, Alessandro"]
[Black "Clementini, Lorenzo"]
[Result "0-1"]
[WhiteElo "2175"]
[BlackElo "1760"]
[PlyCount "84"]
[EventDate "1998.06.21"]

1. d4 d5 2. c4 c6 3. Nf3 e6 4. e3 Nf6 5. Nc3 Nbd7 6. Bd3 Bd6 7. O-O dxc4 8.
Bxc4 O-O 9. e4 e5 10. Re1 Qc7 11. h3 b5 12. Bd3 a6 13. Be3 exd4 14. Bxd4 Ne5
15. Nxe5 Bxe5 16. Bc5 Re8 17. Rc1 Be6 18. Qc2 Qc8 19. Bf1 Qc7 20. a4 Kh8 21.
Ne2 Rac8 22. Nd4 Bd7 23. Nf3 Bf4 24. Rcd1 h5 25. e5 Nd5 26. Bd6 Qb7 27. g3 Bh6
28. Nd4 bxa4 29. Ra1 h4 30. Re2 hxg3 31. Rxa4 c5 32. Nf5 Bxa4 33. Qxa4 Nf4 34.
Nxh6 Nxe2+ 35. Bxe2 gxh6 36. Qf4 Re6 37. Bg4 Qxb2 38. fxg3 Qd4+ 39. Kh2 Qxf4
40. gxf4 c4 41. f5 Rxd6 42. exd6 Rd8 0-1

[Event "C.to Italiano Semifinale"]
[Site "Montecatini Terme ITA"]
[Date "1998.06.??"]
[Round "8"]
[White "Vezzosi, Paolo"]
[Black "Mariotti, Sergio"]
[Result "1/2-1/2"]
[WhiteElo "2275"]
[BlackElo "2380"]
[PlyCount "20"]
[EventDate "1998.06.21"]

1. e4 c5 2. Nf3 d6 3. d4 cxd4 4. Nxd4 Nf6 5. Nc3 a6 6. Be2 e6 7. f4 Qc7 8. O-O
Be7 9. Be3 Nc6 10. Qe1 O-O 1/2-1/2

[Event "III Festival Terra del Salento A"]
[Site "Gallipoli ITA"]
[Date "1998.09.??"]
[Round "?"]
[White "Rausis, Igors"]
[Black "Sansonetti, Giorgio"]
[Result "1-0"]
[WhiteElo "2535"]
[BlackElo "2200"]
[PlyCount "53"]
[EventDate "1998.09.03"]

1. Nf3 d5 2. d4 Nf6 3. c4 c6 4. Qc2 g6 5. Bf4 a6 6. Nbd2 Bf5 7. Qb3 b5 8. cxb5
axb5 9. Rc1 Qb6 10. e3 Bg7 11. Bxb8 Rxb8 12. Ne5 Bd7 13. Qb4 O-O 14. Be2 Ra8
15. Qxe7 Ra7 16. a3 Qa5 17. Qb4 Qxb4 18. axb4 Ra2 19. Rb1 Bf5 20. Bd3 Ne4 21.
Bxe4 dxe4 22. Nxc6 Re8 23. O-O Bd7 24. Rfc1 Bf8 25. Ne5 Be6 26. Nxe4 Kg7 27.
Nc3 1-0

[Event "III Festival Terra del Salento A"]
[Site "Gallipoli ITA"]
[Date "1998.09.??"]
[Round "?"]
[White "Rotelli, Pietro"]
[Black "Miezis, Normunds"]
[Result "0-1"]
[WhiteElo "1674"]
[BlackElo "2515"]
[PlyCount "80"]
[EventDate "1998.09.03"]

1. d4 Nf6 2. Nf3 e6 3. c4 c5 4. d5 exd5 5. cxd5 Bd6 6. Bg5 h6 7. Bh4 Bc7 8. Nc3
d6 9. e4 O-O 10. Nd2 a6 11. a4 Re8 12. Be2 Nbd7 13. O-O Ne5 14. h3 Rb8 15. g4
Ng6 16. Bg3 Ba5 17. Qc2 Bxc3 18. bxc3 Nxd5 19. Bxa6 Ndf4 20. Bb5 Bd7 21. Kh2
Bxb5 22. axb5 Qf6 23. Rae1 Ne5 24. c4 h5 25. gxh5 Nxh5 26. f4 Nxg3 27. Kxg3 Ng6
28. f5 Qg5+ 29. Kh2 Nh4 30. Re2 Ra8 31. Qd3 Ra2 32. Qg3 Qh6 33. Rf4 Nxf5 34.
Rxf5 Rxd2 35. Rxd2 Qxd2+ 36. Rf2 Qd4 37. Qf4 f6 38. Rd2 Qxc4 39. Qxd6 Qxe4 40.
Rg2 Qe5+ 0-1

[Event "II Festival A"]
[Site "Salsomaggiore Terme ITA"]
[Date "1998.05.??"]
[Round "1"]
[White "Barberi, Alessandro"]
[Black "Jurkovic, Ante"]
[Result "0-1"]
[WhiteElo "2125"]
[BlackElo "2320"]
[PlyCount "94"]
[EventDate "1998.05.14"]

1. d4 Nf6 2. Nf3 g6 3. c4 Bg7 4. Nc3 O-O 5. g3 d6 6. Bg2 c6 7. O-O Qa5 8. h3 e5
9. e4 Nbd7 10. d5 cxd5 11. cxd5 Nc5 12. Nd2 Bd7 13. a3 Na4 14. Nxa4 Bxa4 15. b3
Bb5 16. b4 Qc7 17. Re1 Rfc8 18. a4 Bd3 19. Ra3 Bc2 20. Qe2 Qd7 21. b5 Rc5 22.
Bb2 Rac8 23. f4 Nh5 24. fxe5 Qe8 25. Bd4 R5c7 26. Bxa7 Qxe5 27. Bf2 Rc3 28. Nf3
Nxg3 29. Qxc2 Rxc2 30. Nxe5 Rxf2 31. Kxf2 Bxe5 32. Ra2 b6 33. Bf3 h5 34. Kg2 h4
35. Re3 Rc1 36. Rd3 Kg7 37. Rdd2 Rb1 38. Rac2 Bf4 39. Rd1 Rb4 40. Ra2 Kf6 41.
Kf2 Ke5 42. Bg2 Rb3 43. Rc2 Be3+ 44. Ke1 Ra3 45. Rc4 Ra2 46. Rd3 Bf2+ 47. Kd1
Bc5 0-1

[Event "II Festival A"]
[Site "Salsomaggiore Terme ITA"]
[Date "1998.05.??"]
[Round "1"]
[White "Caposciutti, Maurizio"]
[Black "Nicolo', Filippo"]
[Result "1-0"]
[WhiteElo "2310"]
[BlackElo "1971"]
[PlyCount "37"]
[EventDate "1998.05.14"]

1. e4 e6 2. d4 d5 3. Nc3 Bb4 4. Bd3 dxe4 5. Bxe4 Nf6 6. Bf3 c5 7. Nge2 Nd5 8.
O-O O-O 9. Nxd5 exd5 10. c3 Ba5 11. dxc5 Be6 12. Nf4 Nc6 13. Bxd5 Bxd5 14. Qxd5
Qf6 15. Nh5 Qg6 16. Qg5 Rad8 17. Qxg6 hxg6 18. Ng3 Rfe8 19. Bf4 1-0

[Event "II Festival A"]
[Site "Salsomaggiore Terme ITA"]
[Date "1998.05.??"]
[Round "1"]
[White "Costantini, Roberto"]
[Black "Kovacevic, Slobodan"]
[Result "0-1"]
[WhiteElo "2140"]
[BlackElo "2420"]
[PlyCount "34"]
[EventDate "1998.05.14"]

1. e4 c5 2. Nf3 e6 3. d4 cxd4 4. Nxd4 a6 5. Bd3 Nf6 6. O-O d6 7. c4 Nbd7 8. Nc3
g6 9. b3 Bg7 10. Bb2 O-O 11. Kh1 Re8 12. f4 e5 13. fxe5 Nxe5 14. Be2 Nfg4 15.
Qe1 Nxc4 16. Qc1 Nxh2 17. Nd5 Nxf1 0-1

[Event "II Festival A"]
[Site "Salsomaggiore Terme ITA"]
[Date "1998.05.??"]
[Round "1"]
[White "Golubovic, Boris"]
[Black "Doric, Nenad"]
[Result "1/2-1/2"]
[WhiteElo "2450"]
[BlackElo "2230"]
[PlyCount "43"]
[EventDate "1998.05.14"]

1. e4 c5 2. Nf3 e6 3. d4 cxd4 4. Nxd4 Nf6 5. Nc3 Nc6 6. Ndb5 d6 7. Bf4 e5 8.
Bg5 a6 9. Na3 b5 10. Bxf6 gxf6 11. Nd5 f5 12. exf5 Bxf5 13. c3 Bg7 14. Nc2 Be6
15. g3 Ne7 16. Nce3 Nxd5 17. Nxd5 O-O 18. Bg2 a5 19. O-O Rb8 20. a3 Qd7 21. Qh5
f5 22. Rac1 1/2-1/2

[Event "II Festival A"]
[Site "Salsomaggiore Terme ITA"]
[Date "1998.05.??"]
[Round "1"]
[White "Isonzo, David"]
[Black "Farago, Ivan"]
[Result "0-1"]
[WhiteElo "2235"]
[BlackElo "2475"]
[PlyCount "58"]
[EventDate "1998.05.14"]

1. e4 c5 2. Nf3 e6 3. d4 cxd4 4. Nxd4 a6 5. Nc3 Qc7 6. g3 Bb4 7. Nde2 Nf6 8.
Bg2 Be7 9. O-O Nc6 10. Nf4 d6 11. Nh5 O-O 12. Bg5 Nd7 13. Bxe7 Nxe7 14. Qd2 Ne5
15. b3 Bd7 16. Ne2 Rac8 17. c4 b5 18. cxb5 Bxb5 19. Rfc1 Qb6 20. Nd4 Rxc1+ 21.
Rxc1 Nd3 22. Nxb5 Nxc1 23. Nxd6 Qd4 24. Qxd4 Ne2+ 25. Kf1 Nxd4 26. Nf4 Rd8 27.
Nc4 Nb5 28. Ke1 Nc3 29. h3 Rd1# 0-1

[Event "II Festival A"]
[Site "Salsomaggiore Terme ITA"]
[Date "1998.05.??"]
[Round "1"]
[White "Jurkovic, Hrvoje"]
[Black "Oppici, Gabriele"]
[Result "1-0"]
[WhiteElo "2380"]
[BlackElo "2095"]
[PlyCount "77"]
[EventDate "1998.05.14"]

1. e4 Nc6 2. Nc3 e5 3. f4 d6 4. Nf3 Nf6 5. Bb5 Bg4 6. h3 Bxf3 7. Qxf3 Be7 8.
Nd5 O-O 9. Nxe7+ Qxe7 10. Bxc6 bxc6 11. O-O exf4 12. d3 Qe5 13. Qxf4 Qc5+ 14.
Qf2 Qxf2+ 15. Rxf2 Rab8 16. b3 Nd7 17. Bb2 Rbe8 18. Rf5 c5 19. a3 Rb8 20. Bc3
Rb5 21. b4 Rb7 22. Kf2 Rfb8 23. Ke3 a5 24. bxa5 Rb1 25. Rxb1 Rxb1 26. d4 cxd4+
27. Bxd4 f6 28. a6 c5 29. Bxc5 dxc5 30. a7 Nb6 31. Rxc5 Kf7 32. Rc8 Nxc8 33.
a8=Q Ne7 34. a4 f5 35. a5 Re1+ 36. Kd2 Rxe4 37. a6 Rc4 38. a7 Nc6 39. Qb7+ 1-0

[Event "II Festival A"]
[Site "Salsomaggiore Terme ITA"]
[Date "1998.05.??"]
[Round "1"]
[White "Komljenovic, Davorin"]
[Black "Minerva, Enzo"]
[Result "1-0"]
[WhiteElo "2425"]
[BlackElo "2155"]
[PlyCount "93"]
[EventDate "1998.05.14"]

1. Nf3 Nf6 2. c4 c5 3. Nc3 Nc6 4. g3 g6 5. Bg2 Bg7 6. O-O O-O 7. d4 cxd4 8.
Nxd4 Nxd4 9. Qxd4 d6 10. Qd3 Nd7 11. b3 Nc5 12. Qd2 Bd7 13. Bb2 Qa5 14. Rfd1
Rae8 15. Rab1 Bc6 16. e4 Nd7 17. Ba1 Qh5 18. h3 Ne5 19. Qe3 f5 20. f4 Qh6 21.
Nd5 Bxd5 22. exd5 b6 23. Re1 Nf7 24. Re2 Bxa1 25. Rxa1 Qg7 26. Rae1 Nd8 27. Kh2
Qf6 28. Qc1 Rf7 29. Qa3 a5 30. Qa4 Kf8 31. Rd1 Qc3 32. Qb5 Qb4 33. Qxb4 axb4
34. a3 bxa3 35. Ra1 Nb7 36. Rxa3 Na5 37. Rc2 Rc8 38. Bf1 Nb7 39. b4 b5 40. Rca2
bxc4 41. Ra8 Rxa8 42. Rxa8+ Kg7 43. Rb8 e5 44. dxe6 Rc7 45. Bxc4 Rxc4 46. e7
Rc2+ 47. Kg1 1-0

[Event "II Festival A"]
[Site "Salsomaggiore Terme ITA"]
[Date "1998.05.??"]
[Round "1"]
[White "Loncar, Robert"]
[Black "Digiugno, Franco"]
[Result "1/2-1/2"]
[WhiteElo "2405"]
[BlackElo "2140"]
[PlyCount "98"]
[EventDate "1998.05.14"]

1. Nf3 Nf6 2. c4 b6 3. g3 Bb7 4. Bg2 g5 5. O-O g4 6. Nh4 Bxg2 7. Nxg2 e5 8. d4
Nc6 9. dxe5 Nxe5 10. Bg5 Be7 11. Qd4 d6 12. Nc3 h6 13. Bh4 Qd7 14. Ne4 Qf5 15.
Bxf6 Bxf6 16. Qd5 O-O 17. f4 gxf3 18. exf3 Qe6 19. Nf4 Qe7 20. Rae1 Bh8 21. Nh5
Qe6 22. f4 Qxd5 23. cxd5 Nd3 24. Nef6+ Bxf6 25. Nxf6+ Kg7 26. Nh5+ Kg6 27. Re3
Nb4 28. g4 Nxd5 29. f5+ Kh7 30. Rd3 c6 31. Re1 Kg8 32. Kf2 Rfd8 33. Kf3 Kf8 34.
Rc1 Nb4 35. Rb3 c5 36. a3 Nc6 37. Kf4 d5 38. h4 Rd6 39. g5 hxg5+ 40. hxg5 Re8
41. Re3 Rxe3 42. Kxe3 d4+ 43. Ke4 d3 44. Rd1 c4 45. f6 Rd4+ 46. Kf5 Rd5+ 47.
Kf4 Rd4+ 48. Kf5 Rd5+ 49. Kf4 Rd4+ 1/2-1/2

[Event "II Festival A"]
[Site "Salsomaggiore Terme ITA"]
[Date "1998.05.??"]
[Round "1"]
[White "Mitkov, Nikola"]
[Black "Pangrazzi, Marco"]
[Result "1-0"]
[WhiteElo "2500"]
[BlackElo "2250"]
[PlyCount "45"]
[EventDate "1998.05.14"]

1. e4 e6 2. d4 d5 3. Nc3 Bb4 4. e5 c5 5. a3 Ba5 6. Bd2 cxd4 7. Nb5 Bc7 8. Nf3
Nc6 9. Bb4 Nxe5 10. Qxd4 Nxf3+ 11. gxf3 Nf6 12. Rg1 Bb8 13. Rxg7 a6 14. Nd6+
Bxd6 15. Bxd6 Qxd6 16. Qxf6 Rf8 17. Rxh7 b5 18. O-O-O Bd7 19. f4 b4 20. axb4
Qxb4 21. Bd3 Rc8 22. Rg1 Rb8 23. Rxf7 1-0

[Event "II Festival A"]
[Site "Salsomaggiore Terme ITA"]
[Date "1998.05.??"]
[Round "1"]
[White "Peric, Slavisa"]
[Black "Pipitone, Antonio"]
[Result "1-0"]
[WhiteElo "2365"]
[BlackElo "2050"]
[PlyCount "93"]
[EventDate "1998.05.14"]

1. d4 Nf6 2. c4 c5 3. d5 e6 4. Nc3 exd5 5. cxd5 d6 6. e4 g6 7. Bd3 Bg7 8. Nge2
O-O 9. O-O a6 10. a4 Re8 11. Ng3 Nbd7 12. f4 Qa5 13. Bd2 c4 14. Bc2 b5 15. axb5
Qb6+ 16. Kh1 Bb7 17. bxa6 Bxa6 18. Na4 Qc7 19. Bc3 h5 20. Qf3 Bb5 21. Rfe1 Nc5
22. Nxc5 Qxc5 23. h3 Bd7 24. Nf1 h4 25. Rad1 Ba4 26. Bxa4 Rxa4 27. e5 dxe5 28.
fxe5 Nh5 29. Qg4 Qf2 30. Re2 Qf5 31. Qxh4 Bxe5 32. Bxe5 Rxe5 33. Rxe5 Qxe5 34.
d6 Nf6 35. d7 Nxd7 36. Rxd7 Ra8 37. Qxc4 Qf5 38. Rd1 Rc8 39. Qg4 Qxg4 40. hxg4
Rc4 41. Ne3 Rb4 42. Rd2 Kg7 43. g5 Re4 44. Nd5 Re5 45. b4 Rxg5 46. b5 Re5 47.
Kh2 1-0